|
|
|
|
| LEADER |
00000nam0a2200000 4500 |
| 001 |
676395 |
| 005 |
20241107105752.0 |
| 010 |
|
|
|a 0-306-31052-X
|
| 090 |
|
|
|a 676395
|
| 100 |
|
|
|a 20241107d1978 k||y0rusy50 ba
|
| 101 |
0 |
|
|a eng
|
| 102 |
|
|
|a US
|a GB
|
| 105 |
|
|
|a y z 001yy
|
| 181 |
|
0 |
|a i
|b e
|
| 182 |
|
0 |
|a n
|
| 183 |
|
0 |
|a nc
|2 RDAcarrier
|
| 200 |
1 |
|
|a Electromagnetic interactions of hadrons
|h Vol. 1
|f edited by A. Donnachie and G. Shaw
|
| 203 |
|
|
|a Текст
|b визуальный
|c непосредственный
|
| 210 |
|
|
|a New York
|a London
|c Plenum Press
|d 1978
|
| 215 |
|
|
|a 446 p.
|
| 225 |
|
|
|a Nuclear Physics Monographs
|
| 283 |
|
|
|a volume
|2 RDAcarrier
|
| 320 |
|
|
|a References: p. 435-441
|
| 320 |
|
|
|a Index: p. 443-446
|
| 606 |
1 |
|
|a Адроны
|9 30309
|
| 610 |
1 |
|
|a ядерная физика
|
| 610 |
1 |
|
|a английский язык
|
| 610 |
1 |
|
|a электромагнитное взаимодействия
|
| 610 |
1 |
|
|a кварки
|
| 610 |
1 |
|
|a мезонная спектроскопия
|
| 610 |
1 |
|
|a барионная спектроскопия
|
| 610 |
1 |
|
|a алгебра
|
| 610 |
1 |
|
|a адронные распады
|
| 610 |
1 |
|
|a математическое моделирование
|
| 610 |
1 |
|
|a пионы
|
| 610 |
1 |
|
|a мезоны
|
| 610 |
1 |
|
|a фотоны
|
| 610 |
1 |
|
|a нуклоны
|
| 610 |
1 |
|
|a упругость
|
| 610 |
1 |
|
|a электропроизводство
|
| 610 |
1 |
|
|a фотонные пучки
|
| 610 |
1 |
|
|a дифракционные процессы
|
| 610 |
1 |
|
|a фотонные связи
|
| 675 |
|
|
|a 539.126.17
|v 4
|
| 702 |
|
1 |
|4 340
|a Donnachie
|b A.
|
| 702 |
|
1 |
|4 340
|a Shaw
|b G.
|
| 801 |
|
0 |
|a RU
|b 63413507
|c 20241107
|
| 830 |
|
|
|a Ретро2024Каталогизация Кузнецова
|
| 850 |
|
|
|a 63413507
|
| 942 |
|
|
|c BK
|